000 00448pab a2200157 454500
008 180718b1997 xxu||||| |||| 00| 0 eng d
100 _aSharma, Anupam
245 _aCoalition government and political instability
260 _c1997
300 _ap.74-80
362 _aJan-Dec
650 _aIndia - Politics and government
650 _aPolitics and government
773 _aJournal of Constitutional and Parliamentary Studies
909 _a42630
999 _c42630
_d42630